| 000 | 00570cam a2200229 4500 | ||
|---|---|---|---|
| 008 | 000000n2000 000 0 eng u | ||
| 020 | _a0471333425 | ||
| 035 | _a(Sirsi) u100280 | ||
| 041 | _aeng | ||
| 050 | _a333.70285 | ||
| 100 | _aGrimshaw, David J. | ||
| 245 | _aBringing geographical information systems into business. | ||
| 250 | _a2nd | ||
| 260 |
_aCanada _bJohn Wiley & Sons Inc. _c2000 |
||
| 300 | _axiii, 346p. ; 24cm. | ||
| 350 | _a32.50 | ||
| 650 | _aGIS | ||
| 650 | _aGIS | ||
| 650 | _aGIS SOFTWARE | ||
| 690 | _aLAND SURVEYING | ||
| 942 | _n0 | ||
| 999 |
_c99671 _d99671 |
||